Mixed Word: World Currencies Quiz Stats

 Plays Quiz Updated Apr 17, 2012

Support Sporcle.
Go Orange.
Score 0/18 Timer 03:00
0 Plays Today
Scrambled Currency Unscrambled Currency % Correct
ODLALRDOLLAR
97.7%
OUPDNPOUND
91.2%
RUOEEURO
90.6%
ESPOPESO
87%
DARNRAND
73.8%
CAFRNFRANC
73.4%
UREPERUPEE
69.6%
HABTBAHT
68.3%
BLURERUBLE
65.3%
Scrambled Currency Unscrambled Currency % Correct
NOCLOCOLON
53.9%
YNAUYUAN
52.5%
RAINDDINAR
46.6%
GLISHNILSHILLING
38%
YTZOLZLOTY
33.8%
OBLVIRABOLIVAR
33.7%
EDICCEDI
32.2%
NUROKAKORUNA
22.8%
YAIRLRIYAL
18.8%

From the Vault

1-10 Letter O Words

by sproutcm

Not sure if you have the vocabulary to get them all? O, ye of little faith.
Remove Ads.
Support Sporcle.
Get the best of Sporcle when you Go Orange. This ad-free experience offers more features, more stats, and more fun while also helping to support Sporcle. Thank you for becoming a member.

Show Comments

Extras

Top Quizzes Today


Score Distribution

Your Account Isn't Verified!

In order to create a playlist on Sporcle, you need to verify the email address you used during registration. Go to your Sporcle Settings to finish the process.

Report this User

Report this user for behavior that violates our Community Guidelines.

Details: